| 000 | 00913nam a2200229Ia 4500 | ||
|---|---|---|---|
| 001 | 19839 | ||
| 003 | GE_BSU | ||
| 008 | 181216s||||||||xx |||||||||||||| ||und|| | ||
| 040 | _cGE_BSU | ||
| 080 | _a02 | ||
| 245 | _aბიბლიოთეკის მუშაობის ორგანიზაცია საჯარო სკოლებში | ||
| 245 | _bპრაქტიკული სახ-ლო | ||
| 245 | _cშემდგ. გ. თაყნიაშვილი. თ. იოსავა. რედ. ა.ლორია | ||
| 260 | _aთბილისი | ||
| 260 | _c2010 | ||
| 300 | _a56გვ. | ||
| 541 | _h3ლ. 35თ. | ||
| 653 | _aბიბლიოთეკარი | ||
| 653 | _aბიბლიოთეკის მუშაობის ორგანიზაცია საჯარო სკოლებში | ||
| 653 | _aქსეროქსი | ||
| 942 | _cBK | ||
| 999 |
_c52809 _d52809 |
||